Gaming Quiz

Random Gaming or Board Games Quiz

Board Games Close-Up Quiz Stats

 Plays Quiz Updated Sep 27, 2013

Support Sporcle.
Go Orange.
Score 0/20 Timer 07:00
4 Plays Today
Row/Number Game % Correct
Monopoly
95.4%
Battleship
91.8%
Mouse Trap
90.9%
Chess
90.5%
Scrabble
88.9%
Chutes and Ladders
87.4%
Operation
83%
Clue
82.7%
The Game of Life
82%
Risk
79%
Row/Number Game % Correct
Candy Land
77.1%
Sorry!
69.3%
Mahjong
67.7%
Go
59.2%
Stratego
45.2%
Settlers of Catan
40.9%
Cranium
35.5%
Pandemic
23.5%
Ticket to Ride
21%
7 Wonders
18%

You're not logged in!

Compare scores with friends on all Sporcle quizzes.
OR
Log In
Forgot?

From the Vault

Vowel Cut Celebrities

by jrage2009

These celebs should visit the set of Wheel of Fortune, because they need to buy a vowel.
Remove Ads.
Support Sporcle.
Get the best of Sporcle when you Go Orange. This ad-free experience offers more features, more stats, and more fun while also helping to support Sporcle. Thank you for becoming a member.

Show Comments

Extras

Top Quizzes Today


Score Distribution

Your Account Isn't Verified!

In order to create a playlist on Sporcle, you need to verify the email address you used during registration. Go to your Sporcle Settings to finish the process.

Report this User

Report this user for behavior that violates our Community Guidelines.

Details: